Чарльз Спенсер Чаплин (Запись № 71291)
[ простой вид ]
| 000 -МАРКЕР | |
|---|---|
| контрольное поле | 01901nam0a22003731 4500 |
| 001 - ИДЕНТИФИКАТОР ЗАПИСИ | |
| контрольное поле | rc\2991039 |
| 005 - ИДЕНТИФИКАТОР ВЕРСИИ | |
| контрольное поле | 20250806202743.0 |
| 035 ## - ДРУГИЕ СИСТЕМНЫЕ НОМЕРА | |
| Идентификатор записи | (NLR Aleph) 007215535 |
| 100 ## - ДАННЫЕ ОБЩЕЙ ОБРАБОТКИ | |
| Данные общей обработки | 20110915d1945 u y0rusy50 ca |
| 101 0# - ЯЗЫК РЕСУРСА | |
| Язык текста, звукозаписи и т.д. | русский |
| 102 ## - СТРАНА ПУБЛИКАЦИИ ИЛИ ПРОИЗВОДСТВА | |
| Страна публикации | российская федерация |
| 105 ## - ПОЛЕ КОДИРОВАННЫХ ДАННЫХ: ТЕКСТОВЫЕ МАТЕРИАЛЫ, МОНОГРАФИЧЕСКИЕ | |
| Кодированные данные о монографическом текстовом документе | ac z ||||| |
| 200 1# - ЗАГЛАВИЕ И СВЕДЕНИЯ ОБ ОТВЕТСТВЕННОСТИ | |
| Основное заглавие | Чарльз Спенсер Чаплин |
| Сведения, относящиеся к заглавию | [Сборник материалов, посвящ. амер. киноактеру] |
| Первые сведения об ответственности | Сост. П. Аташева, Ш. Ахушков |
| 210 ## - ПУБЛИКАЦИЯ, РАСПРОСТРАНЕНИЕ И ДР. | |
| Место издания, распространения и т.д. | Москва |
| Имя издателя, распространителя и т. д. | Госкиноиздат |
| Дата издания, распространения и т.д. | 1945 |
| Имя изготовителя | тип. "Кр. пролетарий" |
| 215 ## - ФИЗИЧЕСКАЯ ХАРАКТЕРИСТИКА | |
| Специфическое обозначение материала и объем | 207 с. |
| Другие сведения о физической характеристике | ил., портр. |
| Размеры | 23 см |
| 225 1# - СЕРИЯ | |
| Основное заглавие серии | Материалы по истории мирового киноискусства |
| Сведения об ответственности | Под ред. д-ра искусствовед. наук проф. С.М. Эйзенштейна и д-ра искусствовед. наук проф. С.И. Юткевича |
| Обозначение тома | Т. 2 |
| Основное заглавие серии | Американская кинематография |
| 300 ## - ОБЩИЕ ПРИМЕЧАНИЯ | |
| Текст примечания | Составители на переплете не указаны |
| 300 ## - ОБЩИЕ ПРИМЕЧАНИЯ | |
| Текст примечания | На переплете загл.: Чаплин |
| 320 ## - ПРИМЕЧАНИЯ О НАЛИЧИИ В ДОКУМЕНТЕ БИБЛИОГРАФИИ / УКАЗАТЕЛЯ | |
| Текст примечания | Фильмография: с. 197-205 |
| 517 00 - ДРУГИЕ ВАРИАНТЫ ЗАГЛАВИЯ | |
| Вариант заглавия | Чаплин |
| 600 #1 - ИМЯ ЛИЦА КАК ПРЕДМЕТ | |
| Начальный элемент ввода | Чаплин |
| Часть имени, кроме начального элемента ввода | Ч.С. |
| Даты | 1889-1977 |
| Расширение инициалов личного имени | Чарльз Спенсер |
| 700 #1 - ИМЯ ЛИЦА - ПЕРВИЧНАЯ ОТВЕТСТВЕННОСТЬ | |
| Начальный элемент ввода | Аташева |
| Часть имени, кроме начального элемента ввода | П. М. |
| Дополнения к именам, кроме дат | журналист, кинокритик, режиссёр |
| Даты | 1900-1965 |
| Расширение инициалов личного имени | Пера Моисеевна |
| Идентификатор авторитетной/нормативной записи | RU\NLR\AUTH\770207067 |
| 701 #1 - ИМЯ ЛИЦА - АЛЬТЕРНАТИВНАЯ ОТВЕТСТВЕННОСТЬ | |
| Начальный элемент ввода | Ахушков |
| Часть имени, кроме начального элемента ввода | Ш. |
| Расширение инициалов личного имени | Шамиль |
| 702 #1 - ИМЯ ЛИЦА - ВТОРИЧНАЯ ОТВЕТСТВЕННОСТЬ | |
| Начальный элемент ввода | Эйзенштейн |
| Часть имени, кроме начального элемента ввода | С. М. |
| Даты | 1898-1948 |
| Расширение инициалов личного имени | Сергей Михайлович |
| Идентификатор авторитетной/нормативной записи | RU\NLR\auth\7773850 |
| Код отношения | Редактор |
| 702 #1 - ИМЯ ЛИЦА - ВТОРИЧНАЯ ОТВЕТСТВЕННОСТЬ | |
| Начальный элемент ввода | Юткевич |
| Часть имени, кроме начального элемента ввода | С.И. |
| Код отношения | Редактор |
| 801 #0 - ИСТОЧНИК ЗАПИСИ | |
| Страна | российская федерация |
| Организация | NLR |
| Правила каталогизации | psbo |
| 801 #1 - ИСТОЧНИК ЗАПИСИ | |
| Страна | российская федерация |
| Организация | ELAR |
| Источник данных | rusmarc |
| 852 ## - МЕСТОНАХОЖДЕНИЕ И ШИФР ХРАНЕНИЯ | |
| Идентификатор организации | NLR |
| Шифр хранения (Call Number) | Ис70 Г-5/12 |
| 942 ## - ДОПОЛНИТЕЛЬНЫЕ ЭЛЕМЕНТЫ ЗАПИСИ (АБИС) | |
| Тип экземпляра АБИС | Книга |
| 945 ## - Информацию об издании предоставили: | |
| Полное название организации, предоставившей материал | Российская национальная библиотека |
| 980 ## - КОЛЛЕКЦИЯ | |
| Название коллекции | Национальная библиография |
| 980 ## - КОЛЛЕКЦИЯ | |
| Название коллекции | Библиография Победы |
Нет доступных экземпляров.





